000 00314nam a2200145Ia 4500
100 _aMehta/ N. V.
650 _aGeneral
942 _cBK
654 _aIncome-Tax
245 _aIncome - Tax Ready Reckoner
260 _bShri kuber publication
_aBombay
_c1994
300 _a328
546 _aENGLISH
999 _c22317
_d22317